Nazwy ulic w Działoszynie - Statystyki

Ogólne statystyki
  • Ten quiz został rozwiązany 6 razy
  • Średni wynik to 21 z 80
Statystyki odpowiedzi
Odpowiedź % Poprawnych
Piłsudskiego
100%
Prosta
75%
Armii Krajowej
50%
Częstochowska
50%
Krótka
50%
Narutowicza
50%
Niecała
50%
Ogrodowa
50%
Polna
50%
Przemysłowa
50%
Słoneczna
50%
Zamkowa
50%
1000-lecia
25%
1000-lecia Państwa Polskiego
25%
Bankowa
25%
Brzozowa
25%
Bugaj
25%
Cmentarna
25%
Dębowa
25%
Dmowskiego
25%
Garbarska
25%
Grota-Roweckiego
25%
Jaśminowa
25%
Jodłowa
25%
Jurgielewiczowej
25%
Klonowa
25%
Kopernika
25%
Kościelna
25%
Kowalska
25%
Krasickiego
25%
Krupy
25%
Leśna
25%
Mickiewicza
25%
Modrakowa
25%
Modrzewiowa
25%
Nadwarciańska
25%
Obrony Narodowej
25%
Orzechowa
25%
Ożegowska
25%
Paderewskiego
25%
plac Geodetów
25%
plac Jana Pawła II
25%
plac Kościuszki
25%
Podgórna
25%
Podłęczna
25%
Pokoju
25%
Rymarska
25%
Sadowska
25%
Sienkiewicza
25%
Skarbczyńskich
25%
Sosnowa
25%
Sportowa
25%
Staromiejska
25%
Starzyńskiego
25%
Szewska
25%
Szkolna
25%
Targowa
25%
Usługowa
25%
Wiatrakowa
25%
Wieluńska
25%
Wiśniowa
25%
Władysława Jagiełły
25%
Władysława Łokietka
25%
Wodna
25%
Wojska Polskiego
25%
Wronia
25%
Wyzwolenia
25%
Żeromskiego
25%
Żurawia
25%
Grunwaldzka
0%
Konopnickiej
0%
Łąkowa
0%
Lipowa
0%
Parkowa
0%
plac Wolności
0%
Sikorskiego
0%
Wierzbowa
0%
Wrzosowa
0%
Zachodnia
0%
Zielona
0%
Nie znaleziono quizów pasujących do podanych kryteriów
Rozkład punktacji
Procent ludzi z każdym wynikiem
Percentyl według liczby udzielonych odpowiedzi
Twoja historia wyników
Nie rozwiązałeś tego quizu